000 00344nam a22001337a 4500
008 140123b xxu||||| |||| 00| 0 eng d
050 _aPA4025.A2L8
100 _aHomer
_96992
245 _aThe Iliad
260 _aLondon
_bFolio Society
_c1950
300 _a117p.
_c25cm
700 _aLucas, Frank Lawrence (tr)
_96993
942 _2lcc
_cMONOGRAPH
999 _c119669
_d119669